000 00416nam a22001577a 4500
005 20251108171938.0
008 250721s9999 xx 000 0 ara d
082 1 4 _a150/موس
100 1 _aموسى، سلامه
245 1 0 _aأسرار النفس /
264 1 _aالإسكندرية :
_bسلامه موسى،
_c[19-].
300 _a162ص
650 1 7 _aعلم النفس
942 _2ddc
_cBK
999 _c66596
_d66596